[Event "Bhubaneswar Pillai Memorial"]
[Site "Bhubaneswar"]
[Date "2016.11.21"]
[Round "4"]
[White "Nayak, Sanjeeban"]
[Black "Mani, Bharathy"]
[Result "0-1"]
[WhiteElo "1798"]
[BlackElo "1869"]
[PlyCount "80"]
[EventDate "2016.11.20"]
[EventType "swiss"]
[EventRounds "11"]
[EventCountry "IND"]
[SourceTitle "CBM 175 Extra"]
[Source "ChessBase"]
[SourceDate "2016.12.12"]
[SourceVersion "1"]
[SourceVersionDate "2016.12.12"]
[SourceQuality "1"]

1. Nf3 Nf6 2. b3 b6 3. Bb2 e6 4. e3 Bb7 5. Be2 d5 6. d3 Nbd7 7. Nbd2 Bd6 8. c4 c6 9. 0-0 c5 10. Re1 0-0 11. Bf1 Qc7 12. Rc1 Rac8 13. d4 e5 14. cxd5 e4 15. Ne5 Nxe5 16. dxe5 Bxe5 17. Nc4 Bxb2 18. d6 Qd7 19. Nxb2 Bd5 20. Qd2 Qxd6 21. Red1 Qe7 22. Qc3 Bb7 23. Rd2 Rcd8 24. Rcd1 h6 25. Qc2 Nd5 26. a3 Nc7 27. Nc4 Rxd2 28. Qxd2 Bd5 29. a4 Rd8 30. Be2 Ne6 31. Qc2 Bb7 32. Nd2 Nc7 33. Rc1 Qe5 34. Nc4 Qe6 35. Nd2 Qe7 36. g4 Ne6 37. Kg2 Nf4+ 38. exf4 Rxd2 39. Qc4 e3+ 40. Kf1 Rd4 0-1